000 01048nam a22003737a 4500
001 0002209
003 KOHA_MİRAKIL
005 20260207001307.0
007 ta
008 090223b2004 tu |||gr||||#||||0|tur |
020 _a9752953751
040 _aTR-BiSEU
_btur
_cTR-BiSEU
_erda
041 0 _atur
044 _ctu
050 _aHD57.7
_b.B47 2004
100 1 _aBesler, Senem.
245 1 _aİşletmelerde stratejik liderlik/
_cSenem Besler ; Senem Besler.
264 1 _aİstanbul :
_bBeta
_c2004
300 _aIX, 196 sayfa: resimli
336 _ametin
_btxt
_2rdacontent
337 _aaracısız
_bn
_2rdamedia
338 _acilt
_bnc
_2rdacarrier
490 1 _aYayın ;
_vno.
490 1 _a1493.
490 1 _aİşletme-ekonomi dizisi ;
_v144
500 _aKaynakça var.
650 0 _aLiderlik.
_93701
650 0 _aStratejik planlama.
_95288
650 0 _aYöneticilik yeteneği.
_96562
830 1 _aYayın ;
_vno.
_91557
830 1 _a1493.
_96563
830 1 _aİşletme-ekonomi dizisi ;
_v144
_96564
942 _2lcc
_cBK
999 _c2196
_d2196